Catálogo público

Methods in animal proteomics / (Record no. 219827)

MARC details
000 -CABECERA
campo de control de longitud fija 00747nam a2200229 a 4500
003 - IDENTIFICADOR DEL NÚMERO DE CONTROL
campo de control CHAP
005 - FECHA Y HORA DE LA ÚLTIMA TRANSACCIÓN
campo de control 20240401145219.0
006 - CÓDIGOS DE INFORMACIÓN DE LONGITUD FIJA--CARACTERÍSTICAS DEL MATERIAL ADICIONAL
campo de control de longitud fija a|||||r|||| 00| 0
007 - CAMPO FIJO DE DESCRIPCIÓN FÍSICA--INFORMACIÓN GENERAL
campo de control de longitud fija ta
008 - DATOS DE LONGITUD FIJA--INFORMACIÓN GENERAL
campo de control de longitud fija 240401s2011 xxkad|||r|||| 001 0 eng d
020 ## - NÚMERO INTERNACIONAL ESTÁNDAR DEL LIBRO
Número Internacional Estándar del Libro 978-08138-1791-0
Información calificativa (tapa dura: papel alcalino)
020 ## - NÚMERO INTERNACIONAL ESTÁNDAR DEL LIBRO
Número Internacional Estándar del Libro 0-8138-1791-9
Información calificativa (encuadernado entela : papel alcalino)
040 ## - FUENTE DE LA CATALOGACIÓN
Centro catalogador/agencia de origen Z
Centro/agencia transcriptor CHAP
Normas de descripción rda
082 00 - NÚMERO DE LA CLASIFICACIÓN DECIMAL DEWEY
Número de clasificación 636.089/2398
Número de documento/Ítem M
Número de edición 20
245 ## - MENCIÓN DE TÍTULO
Título Methods in animal proteomics /
Mención de responsabilidad, etc. editores, P. David Eckersall y Phillip D. Whitfield
264 #1 - PRODUCCIÓN, PUBLICACIÓN, DISTRIBUCIÓN, FABRICACIÓN Y COPYRIGHT
Producción, publicación, distribución, fabricación y copyright Chichester, West Sussex :
Nombre del de productor, editor, distribuidor, fabricante Wiley-Blackwell,
Fecha de producción, publicación, distribución, fabricación o copyright 2011
336 ## - TIPO DE CONTENIDO
Fuente rdacontent
Término de tipo de contenido texto
Código de tipo de contenido txt
337 ## - TIPO DE MEDIO
Fuente rdamedia
Nombre/término del tipo de medio sin medio
Código del tipo de medio n
338 ## - TIPO DE SOPORTE
Fuente rdacarrier
Nombre/término del tipo de soporte volumen
Código del tipo de soporte nc
534 ## - NOTA SOBRE LA VERSIÓN ORIGINAL
Frase introductoria Título original:
942 ## - ELEMENTOS DE PUNTO DE ACCESO ADICIONAL (KOHA)
Fuente del sistema de clasificación o colocación Dewey Decimal Classification
Tipo de ítem Koha Libro

No items available.